000 00742nam a22001577a 4500
003 OSt
005 20150923173949.0
008 150923b xxu||||| |||| 00| 0 eng d
040 _cRUA
082 _aAGR TIM 2011 B048 Or.1
100 _91227
_aTIM SOPHEAK
245 _aUtilizeration of organic fertilizer on petsia (celerycage) At crop station of royal university of agriculture,(ការប្រើប្រាស់ជីធម្មជាតិទៅលើដំណាំស្ពៃចង្កឹះ នៅស្ថានីយ៍ពិសោធន៍ នៃសាកលវិទ្យាល័យភូមិន្ទកសិកម្ម)
260 _aphnom penh
_bRUA
_c2011
300 _axi, 39p.
_cill.
_g29cm.
942 _2ddc
_cAGR
999 _c1171
_d1171